[Event "zonal 1.3"]
[Site "Ostersund SWE"]
[Date "1992.??.??"]
[Round "7"]
[White "Ernst, Thomas"]
[Black "Larsen, Bent"]
[Result "1-0"]
[WhiteElo "2540"]
[BlackElo "2535"]
[EventDate "1992.07.27"]
[PlyCount "129"]

1.e4 c5 2.Nf3 Nc6 3.d4 cxd4 4.Nxd4 g6 5.c4 Bg7 6.Be3 Nf6 7.Nc3 O-O 8.Be2 
d6 9.O-O Bd7 10.Rc1 Nxd4 11.Bxd4 Bc6 12.f3 a5 13.b3 Nd7 14.Be3 Nc5 15.a3 
h5 16.Kh1 Kh7 17.b4 axb4 18.axb4 Ra3 19.bxc5 Bxc3 20.cxd6 exd6 21.Bd2 Bg7 
22.Bb4 Ra2 23.c5 Ra4 24.Qe1 dxc5 25.Bxc5 Re8 26.Bc4 f5 27.Bf7 Re5 28.Qg3 
Qf6 29.Bb3 Rxc5 30.Rxc5 Ra1 31.Bd1 Qd4 32.Rxc6 bxc6 33.exf5 gxf5 34.Be2 
Rxf1+ 35.Bxf1 c5 36.Qg5 h4 37.Qxf5+ Kh6 38.Bd3 Qf6 39.Qe4 Bf8 40.f4 Qf7 
41.g4 hxg3 42.hxg3 Bd6 43.Kg2 Kg7 44.Kf3 Qh5+ 45.Ke3 Kf8 46.Bc4 Qd1 47.
Qf5+ Ke7 48.Qf7+ Kd8 49.Ke4 Qh1+ 50.Kf5 Qh3+ 51.g4 Qe3 52.Kg5 Be7+ 53.Kg6 
Qe4+ 54.Kh6 Bd6 55.Qg8+ Kc7 56.f5 Qf4+ 57.Kh7 Be7 58.Qf7 Qh2+ 59.Kg8 Qh4 
60.Qg6 Bg5 61.Be2 c4 62.Qf7+ Kb8 63.Qxc4 Qh6 64.Qb4+ Kc7 65.Qc5+ 1-0

[Event "zonal 1.3"]
[Site "Ostersund SWE"]
[Date "1992.??.??"]
[Round "7"]
[White "Hoi, Carsten"]
[Black "Karlsson, Lars"]
[Result "1/2-1/2"]
[WhiteElo "2445"]
[BlackElo "2480"]
[EventDate "1992.07.27"]
[PlyCount "105"]

1.d4 e6 2.Nf3 f5 3.c4 Nf6 4.g3 d5 5.Bg5 c6 6.Nbd2 Bd6 7.Qc2 O-O 8.e3 b6 9.
Bd3 Bb7 10.g4 h6 11.Bh4 fxg4 12.Ne5 Qc7 13.Bxf6 Rxf6 14.Nxg4 Rf8 15.Rg1 
Kh8 16.O-O-O Nd7 17.cxd5 exd5 18.f4 c5 19.Nf3 cxd4 20.Qxc7 Bxc7 21.Nxd4 
Rae8 22.Bb5 Re7 23.Bxd7 Rxd7 24.Nf3 Rc8 25.Kb1 Bd6 26.Rc1 Rxc1+ 27.Rxc1 d4
28.Nfe5 Bxe5 29.Nxe5 Be4+ 30.Ka1 Rd5 31.exd4 Rxd4 32.b3 Bf5 33.Rf1 Kh7 34.
Rf2 b5 35.a3 Re4 36.Nc6 a6 37.Kb2 Bd7 38.Ne5 Be6 39.Nc6 Bd5 40.Nb4 Bb7 41.
Nd3 Re3 42.Nc5 Bd5 43.b4 Rh3 44.f5 h5 45.Rd2 Bc4 46.Ne4 Rb3+ 47.Kc2 h4 48.
Rd7 Kg8 49.f6 gxf6 50.Nxf6+ Kf8 51.Nh7+ Ke8 52.Nf6+ Kf8 53.Nh7+ 1/2-1/2

[Event "zonal 1.3"]
[Site "Ostersund SWE"]
[Date "1992.??.??"]
[Round "7"]
[White "Manninen, Marko"]
[Black "Hector, Jonny"]
[Result "0-1"]
[WhiteElo "2420"]
[BlackElo "2535"]
[EventDate "1992.07.27"]
[PlyCount "77"]

1.d4 d5 2.c4 c6 3.Nf3 Nf6 4.Nc3 dxc4 5.e4 b5 6.e5 Nd5 7.a4 e6 8.axb5 Nxc3 
9.bxc3 cxb5 10.Ng5 Bb7 11.Qh5 g6 12.Qg4 Be7 13.Be2 Bd5 14.Ne4 h5 15.Qf4 a5
16.Bf3 Nd7 17.Nd6+ Bxd6 18.Bxd5 exd5 19.exd6 Qf6 20.O-O Qxf4 21.Bxf4 O-O 
22.Rfe1 b4 23.Re7 Rfd8 24.g4 b3 25.gxh5 Nf8 26.Rb7 a4 27.Ra3 Rab8 28.Rxb8 
Rxb8 29.Bc1 b2 30.Bxb2 Rxb2 31.Rxa4 Rb6 32.Ra8 Rb7 33.h6 f6 34.Ra5 Rd7 35.
Rxd5 Ne6 36.Kf1 Kh7 37.Rc5 Nxc5 38.dxc5 Kxh6 39.Ke2 0-1

[Event "zonal 1.3"]
[Site "Ostersund SWE"]
[Date "1992.??.??"]
[Round "7"]
[White "Olafsson, Helgi"]
[Black "Arnason, Jon"]
[Result "1/2-1/2"]
[WhiteElo "2495"]
[BlackElo "2525"]
[EventDate "1992.07.27"]
[PlyCount "41"]

1.Nf3 c5 2.c4 Nf6 3.Nc3 Nc6 4.g3 b6 5.Bg2 Bb7 6.O-O g6 7.e4 d6 8.d4 cxd4 
9.Nxd4 Nxd4 10.Qxd4 Bg7 11.Qd2 Rb8 12.Re1 O-O 13.b3 a6 14.Bb2 Nd7 15.Rad1 
Ba8 16.h4 h5 17.Ba3 b5 18.cxb5 Qa5 19.Bb2 axb5 20.Nd5 Qxd2 21.Rxd2 1/2-1/2

[Event "zonal 1.3"]
[Site "Ostersund SWE"]
[Date "1992.??.??"]
[Round "7"]
[White "Petursson, Margeir"]
[Black "Westerinen, Heikki"]
[Result "1-0"]
[WhiteElo "2565"]
[BlackElo "2390"]
[EventDate "1992.07.27"]
[PlyCount "131"]

1.d4 Nf6 2.c4 e6 3.Nc3 Bb4 4.e3 O-O 5.Bd3 d5 6.a3 Bxc3+ 7.bxc3 e5 8.Ne2 e4
9.Bb1 dxc4 10.Ng3 Re8 11.f3 exf3 12.Qxf3 Bg4 13.Qf2 c5 14.O-O cxd4 15.cxd4
Nc6 16.Bb2 Qa5 17.e4 c3 18.Bc1 Qb6 19.Be3 Qb2 20.Bc2 Be6 21.Rfb1 Ng4 22.
Qe2 Nxe3 23.Rxb2 cxb2 24.Rb1 Nxd4 25.Qxe3 Nxc2 26.Qc3 Rac8 27.Qxb2 b6 28.
Nh5 f6 29.Rf1 Ne3 30.Nxg7 Nxf1 31.Nxe8 Rxe8 32.Kxf1 Bc4+ 33.Kf2 Re5 34.Qd4
Bf7 35.Qd7 Ra5 36.Qe7 Kg7 37.g4 a6 38.Kf3 Re5 39.Qb7 a5 40.Qxb6 Bg6 41.
Qc7+ Kg8 42.h4 h6 43.Qb8+ Kg7 44.Qb7+ Kg8 45.a4 Bf7 46.Qc7 Bg6 47.g5 hxg5 
48.hxg5 Rxg5 49.Qe7 Bxe4+ 50.Qxe4 Kf7 51.Qb7+ Ke6 52.Qc8+ Ke7 53.Qc7+ Ke6 
54.Qd8 Rf5+ 55.Kg4 Rg5+ 56.Kh4 Kf7 57.Qd7+ Kg6 58.Qe8+ Kg7 59.Qe7+ Kg6 60.
Qf8 Kf5 61.Qe8 Kf4 62.Qe6 Rf5 63.Qe7 Kf3 64.Qe8 Rc5 65.Qd7 Re5 66.Qc6+ 1-0

[Event "zonal 1.3"]
[Site "Ostersund SWE"]
[Date "1992.??.??"]
[Round "7"]
[White "Yrjola, Jouni"]
[Black "Tisdall, Jonathan"]
[Result "1/2-1/2"]
[WhiteElo "2460"]
[BlackElo "2435"]
[EventDate "1992.07.27"]
[PlyCount "56"]

1.d4 Nf6 2.c4 e6 3.Nf3 c5 4.d5 b5 5.dxe6 fxe6 6.cxb5 Bb7 7.Nc3 Be7 8.Qc2 
a6 9.e4 axb5 10.Bxb5 Nc6 11.Bxc6 Bxc6 12.O-O Qb8 13.Bg5 O-O 14.Bh4 Bd6 15.
Bg3 Bxg3 16.hxg3 Qe8 17.Rac1 Qh5 18.Nh2 Ra5 19.f3 d5 20.exd5 exd5 21.Ne2 
Bd7 22.a3 Rb8 23.Nf4 Qe5 24.Qd2 Rab5 25.b4 cxb4 26.Rfe1 Qd6 27.axb4 Rxb4 
28.Nf1 Rb2 1/2-1/2

[Event "zonal 1.3"]
[Site "Ostersund SWE"]
[Date "1992.??.??"]
[Round "8"]
[White "Arnason, Jon"]
[Black "Ernst, Thomas"]
[Result "1/2-1/2"]
[WhiteElo "2525"]
[BlackElo "2570"]
[EventDate "1992.07.27"]
[PlyCount "111"]

1.e4 e5 2.Nc3 Nf6 3.g3 Nc6 4.Bg2 Bc5 5.Nge2 a6 6.O-O O-O 7.h3 d6 8.Kh2 Nd4
9.f4 c6 10.d3 exf4 11.Nxf4 Ne6 12.Nxe6 fxe6 13.d4 Bb6 14.Bf4 Qe7 15.e5 
dxe5 16.Bxe5 Bd7 17.Qe2 Rad8 18.Ne4 Be8 19.Nxf6+ gxf6 20.Qg4+ Bg6 21.Qh4 
Kg7 22.c3 Rf7 23.Bf4 Bc7 24.Rae1 Bxf4 25.Qxf4 Re8 26.h4 Kh8 27.Bh3 e5 28.
dxe5 fxe5 29.Qe3 Rxf1 30.Rxf1 Qd6 31.Bg2 Kg7 32.Rf2 Qd3 33.Qg5 Qd8 34.Qe3 
Qd3 35.Qg5 Qd8 36.Qg4 h5 37.Qe2 e4 38.Qe3 Qd3 39.Re2 Qxe3 40.Rxe3 Rd8 41.
Re2 Kf6 42.Bxe4 Bxe4 43.Rxe4 Rd2+ 44.Kh3 Rxb2 45.a4 b5 46.g4 Rb3 47.gxh5 
Rxc3+ 48.Kg4 Rc1 49.Rf4+ Kg7 50.Rd4 Rg1+ 51.Kf5 Rf1+ 52.Kg5 Rf7 53.Rd6 Rc7
54.Rg6+ Kh7 55.Rh6+ Kg8 56.Rg6+ 1/2-1/2

[Event "zonal 1.3"]
[Site "Ostersund SWE"]
[Date "1992.??.??"]
[Round "8"]
[White "Hellers, Ferdinand"]
[Black "Hoi, Carsten"]
[Result "1/2-1/2"]
[WhiteElo "2500"]
[BlackElo "2445"]
[EventDate "1992.07.27"]
[PlyCount "63"]

1.e4 Nc6 2.Nf3 g6 3.d4 Bg7 4.Nc3 d6 5.Be2 Bg4 6.Be3 Nf6 7.O-O O-O 8.Qd2 e5
9.d5 Ne7 10.Rad1 b5 11.a3 a5 12.b4 axb4 13.axb4 Ra3 14.Bxb5 Rxc3 15.Qxc3 
Nxe4 16.Qb3 Bxf3 17.gxf3 Nf6 18.Rfe1 Nh5 19.Bf1 Nf5 20.Bh3 Qh4 21.Bg2 Bh6 
22.Bxh6 Nxh6 23.Re4 Nf4 24.Qc4 Nf5 25.Rxf4 exf4 26.Qxc7 Re8 27.Qc4 Qg5 28.
Kf1 Nh4 29.Bh1 Qf5 30.Bg2 Qg5 31.Bh1 Qf5 32.Bg2 1/2-1/2

[Event "zonal 1.3"]
[Site "Ostersund SWE"]
[Date "1992.??.??"]
[Round "8"]
[White "Karlsson, Lars"]
[Black "Hector, Jonny"]
[Result "1/2-1/2"]
[WhiteElo "2480"]
[BlackElo "2535"]
[EventDate "1992.07.27"]
[PlyCount "56"]

1.g3 d5 2.Bg2 e5 3.c4 c6 4.Qa4 dxc4 5.Qxc4 Be7 6.Nf3 Be6 7.Qc2 Nd7 8.O-O 
f5 9.b3 Bf6 10.Bb2 Nh6 11.d3 O-O 12.Nbd2 Qe8 13.Nc4 Nf7 14.Rfc1 Rc8 15.
Nfd2 h5 16.b4 h4 17.a4 Nb6 18.Nxb6 axb6 19.a5 hxg3 20.hxg3 Be7 21.Bc3 bxa5
22.bxa5 f4 23.Ra4 fxg3 24.fxg3 Bd5 25.Ne4 Qd7 26.e3 Qe6 27.Qe2 c5 28.Qh5 
Rcd8 1/2-1/2

[Event "zonal 1.3"]
[Site "Ostersund SWE"]
[Date "1992.??.??"]
[Round "8"]
[White "Manninen, Marko"]
[Black "Cramling, Pia"]
[Result "1/2-1/2"]
[WhiteElo "2420"]
[BlackElo "2530"]
[EventDate "1992.07.27"]
[PlyCount "111"]

1.d4 Nf6 2.Nf3 g6 3.g3 Bg7 4.Bg2 O-O 5.O-O c6 6.c4 d6 7.Nc3 Nbd7 8.d5 c5 
9.e4 Nb6 10.Qd3 e6 11.dxe6 Bxe6 12.b3 Qe7 13.Bf4 Rad8 14.Rae1 Rfe8 15.a4 
a6 16.h3 Nc8 17.Bg5 h6 18.Be3 Na7 19.Nd5 Bxd5 20.exd5 Qc7 21.Nd2 Nd7 22.f4
b5 23.axb5 axb5 24.Nf3 bxc4 25.bxc4 Qa5 26.Bd2 Qa4 27.g4 Nf6 28.Ra1 Qd7 
29.Bc3 Nc8 30.Ba5 Ne4 31.Rae1 f5 32.Bxd8 Qxd8 33.Nd2 Bd4+ 34.Kh2 Nf2 35.
Rxe8+ Qxe8 36.Qg3 Qe3 37.Qxe3 Bxe3 38.Nf3 fxg4 39.hxg4 Bxf4+ 40.Kg1 Nxg4 
41.Bh3 h5 42.Bxg4 hxg4 43.Nh2 Be3+ 44.Kg2 Bd4 45.Nxg4 Nb6 46.Rc1 Kg7 47.
Nh2 Kf6 48.Kf3 Kf5 49.Nf1 Nd7 50.Ng3+ Kf6 51.Ke4 Be5 52.Ne2 g5 53.Rg1 Kg6 
54.Ng3 Bf4 55.Ne2 Be5 56.Ng3 1/2-1/2

[Event "zonal 1.3"]
[Site "Ostersund SWE"]
[Date "1992.??.??"]
[Round "8"]
[White "Olafsson, Helgi"]
[Black "Agdestein, Simen"]
[Result "1/2-1/2"]
[WhiteElo "2495"]
[BlackElo "2620"]
[EventDate "1992.07.27"]
[PlyCount "118"]

1.d4 e6 2.Nf3 f5 3.d5 exd5 4.Qxd5 d6 5.Bg5 Nf6 6.Qd2 Be7 7.Nc3 c6 8.e3 d5 
9.Nd4 O-O 10.O-O-O a5 11.f3 Ne8 12.Bxe7 Qxe7 13.h3 Na6 14.e4 fxe4 15.fxe4 
dxe4 16.Bxa6 Rxa6 17.Rhe1 Nf6 18.g4 h6 19.Re3 Re8 20.Nde2 Be6 21.Ng3 Bd5 
22.Nh5 Nxh5 23.Nxd5 cxd5 24.Qxd5+ Re6 25.gxh5 Qg5 26.Qxg5 hxg5 27.Rd5 Re5 
28.Rxe5 Rxe5 29.Kd2 Kh7 30.Kc3 Kh6 31.Kd4 Rb5 32.b3 Kxh5 33.Rxe4 Rf5 34.
Re7 Rf2 35.c4 b6 36.Rxg7 Rxa2 37.Rh7+ Kg6 38.Rb7 Rd2+ 39.Ke5 Kh5 40.Rxb6 
Rd3 41.Rb8 Kg6 42.Rg8+ Kf7 43.Rxg5 Rxb3 44.Kd6 a4 45.Ra5 Rxh3 46.Ra7+ Ke8 
47.Ra8+ Kf7 48.Rxa4 Rh6+ 49.Kc7 Rh4 50.Kd6 Rh6+ 51.Kd7 Rh4 52.Rb4 Rg4 53.
Kd6 Rg6+ 54.Kd5 Ke7 55.c5 Kd7 56.Rb7+ Kc8 57.Rh7 Rg5+ 58.Kc6 Rg6+ 59.Kb5 
Rf6 1/2-1/2

[Event "zonal 1.3"]
[Site "Ostersund SWE"]
[Date "1992.??.??"]
[Round "8"]
[White "Westerinen, Heikki"]
[Black "Yrjola, Jouni"]
[Result "1/2-1/2"]
[WhiteElo "2390"]
[BlackElo "2460"]
[EventDate "1992.07.27"]
[PlyCount "66"]

1.e4 c5 2.Nf3 d6 3.Nc3 Nc6 4.Bb5 Bd7 5.O-O Nf6 6.Re1 e6 7.d4 cxd4 8.Nxd4 
Be7 9.Nf3 a6 10.Bf1 Qc7 11.Bf4 Ng4 12.a4 O-O 13.Ng5 Nge5 14.Qh5 h6 15.Nh3 
Nd4 16.Qd1 Bf6 17.Bg3 Qb6 18.Rb1 Rac8 19.Kh1 Rfd8 20.a5 Qc5 21.f4 Nec6 22.
e5 dxe5 23.fxe5 Be7 24.Bd3 Nf5 25.Bf4 Nb4 26.Ne4 Qxa5 27.Nf6+ Bxf6 28.Bxf5
exf5 29.exf6 Rxc2 30.Re5 Qb6 31.Be3 Qc6 32.Nf4 Rc8 33.fxg7 Be6 1/2-1/2

[Event "zonal 1.3"]
[Site "Ostersund SWE"]
[Date "1992.??.??"]
[Round "9"]
[White "Hansen, Lars Bo"]
[Black "Arnason, Jon"]
[Result "1-0"]
[WhiteElo "2530"]
[BlackElo "2525"]
[EventDate "1992.07.27"]
[PlyCount "69"]

1.Nf3 c5 2.c4 Nc6 3.Nc3 g6 4.e3 Bg7 5.d4 d6 6.Be2 e6 7.O-O Nf6 8.e4 O-O 9.
d5 Nd4 10.dxe6 Nxf3+ 11.Bxf3 Bxe6 12.Be2 Re8 13.Bg5 Qb6 14.Qd2 Qb4 15.a3 
Qb3 16.Rac1 a6 17.Kh1 Nd7 18.f4 Bxc4 19.Bxc4 Qxc4 20.Qxd6 Qe6 21.Qd2 Nb6 
22.e5 f6 23.exf6 Bxf6 24.f5 gxf5 25.Bxf6 Qxf6 26.Nd5 Nxd5 27.Qxd5+ Qe6 28.
Qxb7 Rab8 29.Qf3 c4 30.Qf2 Rf8 31.Rc3 Qb6 32.Qf4 Qxb2 33.Qxc4+ Rf7 34.Rg3+
Kf8 35.Qc5+ 1-0

[Event "zonal 1.3"]
[Site "Ostersund SWE"]
[Date "1992.??.??"]
[Round "9"]
[White "Hoi, Carsten"]
[Black "Gausel, Einar"]
[Result "1/2-1/2"]
[WhiteElo "2445"]
[BlackElo "2485"]
[EventDate "1992.07.27"]
[PlyCount "95"]

1.d4 Nf6 2.Nf3 e6 3.e3 b6 4.Bd3 Bb7 5.O-O Be7 6.c4 O-O 7.Nc3 d5 8.cxd5 
exd5 9.b3 c5 10.Ba3 Ne4 11.Rc1 Nd7 12.Na4 Rc8 13.dxc5 Ndxc5 14.Nxc5 bxc5 
15.Bxe4 dxe4 16.Ne5 Ba6 17.Qxd8 Rfxd8 18.Rfd1 Rxd1+ 19.Rxd1 f6 20.Rd7 Rd8 
21.h4 Rxd7 22.Nxd7 Bb5 23.Bxc5 Bxd7 24.Bxe7 Kf7 25.Bc5 a6 26.Kh2 g5 27.Kg3
Kg6 28.Be7 h5 29.Bd8 Bb5 30.f3 exf3 31.gxf3 Bc6 32.e4 gxh4+ 33.Kxh4 f5 34.
exf5+ Kxf5 35.Kg3 Bb5 36.Kf2 Bd3 37.Ke3 Bb1 38.a3 Bc2 39.b4 Ba4 40.Bh4 Bb5
41.Bd8 Bc6 42.Kf2 Be8 43.Kg3 Bc6 44.Bh4 Ba8 45.Kf2 Bc6 46.Bg3 Bd7 47.Ke3 
Bc6 48.Bh4 1/2-1/2

[Event "zonal 1.3"]
[Site "Ostersund SWE"]
[Date "1992.??.??"]
[Round "9"]
[White "Larsen, Bent"]
[Black "Westerinen, Heikki"]
[Result "1/2-1/2"]
[WhiteElo "2565"]
[BlackElo "2390"]
[EventDate "1992.07.27"]
[PlyCount "72"]

1.e4 d5 2.exd5 Qxd5 3.Nc3 Qa5 4.Nf3 Nf6 5.d4 Bf5 6.Ne5 c6 7.Bc4 e6 8.O-O 
Nbd7 9.Bf4 Nxe5 10.dxe5 Nd5 11.Nxd5 cxd5 12.Bd3 Bxd3 13.Qxd3 Be7 14.Qg3 
Kf8 15.Rfd1 Rc8 16.c3 h5 17.Bg5 Qd8 18.Bxe7+ Qxe7 19.Qe3 a6 20.Rd4 g6 21.
a4 Kg7 22.h3 Rc4 23.Rxc4 dxc4 24.Qd4 Rc8 25.Rd1 Rc5 26.Qf4 Rd5 27.Rxd5 
exd5 28.a5 Qd8 29.g4 hxg4 30.hxg4 Kg8 31.g5 d4 32.cxd4 Qxa5 33.Qe4 Qd2 34.
Qxb7 Qxg5+ 35.Kf1 Qc1+ 36.Kg2 Qg5+ 1/2-1/2

[Event "zonal 1.3"]
[Site "Ostersund SWE"]
[Date "1992.??.??"]
[Round "9"]
[White "Petursson, Margeir"]
[Black "Hjartarson, Johann"]
[Result "0-1"]
[WhiteElo "2565"]
[BlackElo "2595"]
[EventDate "1992.07.27"]
[PlyCount "80"]

1.c4 e5 2.Nc3 Nf6 3.Nf3 Nc6 4.g3 Bc5 5.Bg2 d6 6.O-O O-O 7.d3 h6 8.a3 a6 9.
b4 Ba7 10.Bb2 Bg4 11.h3 Be6 12.Kh2 Rb8 13.Rc1 Qd7 14.e4 Nd4 15.Nxd4 Bxd4 
16.f4 Qd8 17.Rc2 b5 18.f5 Bd7 19.Bc1 bxc4 20.dxc4 c5 21.g4 cxb4 22.axb4 
Rxb4 23.g5 hxg5 24.Bxg5 Bc6 25.Nd5 Bxd5 26.cxd5 Bc5 27.Ra2 a5 28.h4 Re8 
29.Bf3 Qb6 30.Bxf6 gxf6 31.Bg2 Kf8 32.Qg4 Rb2 33.Rxb2 Qxb2 34.Rf3 a4 35.
Rg3 Ke7 36.Qd1 Rh8 37.Qxa4 Rxh4+ 38.Rh3 Rg4 39.Rg3 Rxg3 40.Kxg3 Qf2+ 0-1

[Event "zonal 1.3"]
[Site "Ostersund SWE"]
[Date "1992.??.??"]
[Round "9"]
[White "Tisdall, Jonathan"]
[Black "Hellers, Ferdinand"]
[Result "1/2-1/2"]
[WhiteElo "2435"]
[BlackElo "2500"]
[EventDate "1992.07.27"]
[PlyCount "68"]

1.d4 Nf6 2.c4 g6 3.Nc3 Bg7 4.e4 d6 5.Be2 O-O 6.Bg5 h6 7.Be3 c5 8.d5 e6 9.
h3 exd5 10.exd5 Re8 11.Qd2 Kh7 12.Bd3 b5 13.cxb5 Nbd7 14.Nge2 Ne5 15.Rd1 
a6 16.a4 Nxd3+ 17.Qxd3 axb5 18.axb5 Bf5 19.Qd2 Bd7 20.O-O Rb8 21.Qd3 Qa5 
22.Bf4 Bxb5 23.Nxb5 Qxb5 24.Qxb5 Rxb5 25.Nc3 Rb6 26.Rfe1 Rxe1+ 27.Rxe1 Nh5
28.Bc1 Be5 29.Ne4 Nf4 30.Bxf4 Bxf4 31.g3 Bg5 32.h4 Bd8 33.Ra1 Kg7 34.Ra7 
Kf8 1/2-1/2